Slovenské lesy a ich hospodárske využívanie

Bibliographic Details
Main Author: Deffontaines, Pierre, 1894-1978 (Author)
Other Authors: Brtko, Martin, 1975- (Translator)
Format: Book
Language:Slovak
French
PhysicalDescription:109 strán, 2 nečíslované vlepené strany fotografie, mapy, plány 24 cm
Published: [Banská Bystrica] Zvolen Lesy slovenskej republiky, štátny podnik Lesnícke a drevárske múzeum 2022
ISBN:9788097373030
Subjects:

MARC

LEADER 00000cam a2200000 4500
001 vtls012144502
003 SK-MaSNL
005 20260425224446.0
008 220721s2022 xo obe g n 01000 slo
015 |a SNBA2023/02 
020 |a 9788097373030  |q (brožované) 
040 |a SNK  |b slo  |c SNK  |e rda 
041 1 |a slo  |h fre 
043 |a e-xo 
044 |a xo  |c SK 
072 7 |a 911  |x Všeobecná geografia. Systematická geografia  |2 konspekt 
080 |a (437.6)  |2 2011 
080 |a (048.8)  |2 2011 
080 |a 911.3  |2 2011 
100 1 |a Deffontaines, Pierre,  |d 1894-1978  |4 aut  |9 176056 
245 1 0 |a Slovenské lesy a ich hospodárske využívanie  |c Pierre Deffontaines ; z francúzštiny preložil Martin Brtko 
264 1 |a [Banská Bystrica]  |b Lesy slovenskej republiky, štátny podnik  |a Zvolen  |b Lesnícke a drevárske múzeum  |c 2022 
300 |a 109 strán, 2 nečíslované vlepené strany  |b fotografie, mapy, plány  |c 24 cm 
336 |a text  |b txt  |2 rdacontent 
337 |a bez média  |b n  |2 rdamedia 
338 |a zväzok  |b nc  |2 rdacarrier 
366 |e 1000 kusov 
500 |a Obsahuje zoznam máp a fotografií 
500 |a Miesto vydania podľa NA ISBN 
500 |a Obsahuje poznámky pod čiarou 
504 |a Bibliografia na strane 95-105, bibliografické odkazy 
650 0 7 |a kopanice  |2 SNKPH  |9 59357 
650 0 7 |a horské sídla  |2 SNKPH  |9 370141 
650 0 7 |a humánna geografia  |2 SNKPH  |9 877 
650 0 7 |a Human geography  |2 SNKPHeng  |9 310454 
651 7 |a Slovensko  |2 SNKPHgeo  |9 14231 
651 7 |a Slovakia  |2 SNKPHeng  |9 92630 
655 7 |a štúdie  |2 SNKPH  |9 57033 
655 7 |a Studies  |2 SNKPHeng  |9 265573 
700 1 |a Brtko, Martin,  |d 1975-  |4 trl  |9 223258 
919 |a 978-80-973730-3-0 
954 |a odborná, vedecká literatúra cudzojazyčná (svetová)  |2 lita 
958 |a NB 
958 |a UP 
968 |b FR 
999 |c 614293  |d 616223 
952 |a SNK  |b SNK  |y PREZ  |7 0  |p 17A1309365  |o snkSC 198612  |i snk2022/12452  |8 0  |0 0  |1 0  |4 0  |d 2022-08-10  |l 0  |r 2025-10-21 00:00:00  |w 2026-02-23 
952 |a SNK  |b SNK  |y VYP  |7 0  |p 17A1309366  |o snkSC 198612 D1  |i snk2022/12453  |8 0  |0 0  |1 0  |4 0  |d 2022-08-10  |l 0  |r 2026-02-23 16:34:05  |w 2026-02-23